| 000 | 01057nam a22003377a 4500 | ||
|---|---|---|---|
| 001 | 000376 | ||
| 003 | DO-SdBPM | ||
| 005 | 20260511125537.0 | ||
| 007 | ta | ||
| 008 | 160707b1995 sp | 00| 0 spa d | ||
| 020 | _a8401467063 | ||
| 040 |
_aDO-SdBPM _bspa _cBPMSU _erda |
||
| 082 | 0 | 4 |
_a823.91 _bP698n 1995 _222 |
| 100 | 1 |
_aPlaidy, Jean _d1906-1993. _eautor _4aut. |
|
| 210 | _2 | ||
| 245 | 1 | 0 |
_aEl nacimiento de un imperio / _c Jean Plaidy ; traducción Gemma Moral _b |
| 264 |
_aBarcelona, España : _bPlaza & Jame Editores, _c1995 |
||
| 300 |
_a389 páginas ; _c22 cm. |
||
| 336 |
_atexto _btxt _2rdacontent |
||
| 337 |
_asin mediación _bn _2rdamedai |
||
| 338 |
_avoumen _bnc _2rdacarrier |
||
| 500 | _a | ||
| 534 |
_aTítulo original. : _tTales of the Otori. Across the nightingale floor. |
||
| 586 | _aSaga Plantagenet | ||
| 590 | _aInvetariado, 2026/VM | ||
| 600 | _2 | ||
| 650 | 7 | _aNovela histórica inglesa | |
| 700 | 1 |
_a Moral , Gemma _etraducción _d |
|
| 910 | _aVMateo V. Control de calidad. BPMSU | ||
| 942 |
_2ddc _cBK |
||
| 999 |
_c15841 _d15841 |
||